Statistics for Countries by Number of Cell Phones in Use

Click here to take the quiz!

General Stats

  • This quiz has been taken 209 times
  • The average score is 20 of 25

Answer Stats

Rank# of UsersCountry% Correct
1.1,046,510,000China
99%
3.327,577,529United States
99%
16.75,750,000United Kingdom
96%
2.861,660,000India
95%
9.107,000,000Germany
93%
5256,117,000Russia
93%
4.263,040,000Brazil
92%
18.72,180,000France
92%
8.121,246,700Japan
92%
14.92,900,000Mexico
89%
24.50,890,000Spain
87%
15.88,580,000Italy
86%
6.236,800,000Indonesia
83%
23.52,510,000South Korea
82%
21.66,000,000Turkey
79%
19.92,640,000Egypt
76%
25.50,409,800Argentina
75%
7.122,060,799Pakistan
75%
13.96,165,000Iran
72%
11.101,271,578Nigeria
69%
20.69,000,000Thailand
67%
17.72,300,000Vietnam
67%
10.106,987,098Philippines
62%
22.57,505,555Ukraine
62%
12.98,470,000Bangladesh
60%

Score Distribution

Percentile by Number Answered

Percent of People with Each Score

Your Score History

You have not taken this quiz